The general rule (Record no. 71374)
[ view plain ]
| 000 -LEADER | |
|---|---|
| fixed length control field | 01510cam a2200289 4500 |
| 001 - CONTROL NUMBER | |
| control field | ABS66084 |
| 008 - FIXED-LENGTH DATA ELEMENTS--GENERAL INFORMATION | |
| fixed length control field | 021017n2002 000 0 eng u |
| 035 ## - SYSTEM CONTROL NUMBER | |
| System control number | (Sirsi) u120133 |
| 100 ## - MAIN ENTRY--PERSONAL NAME | |
| Personal name | Clinton, M. |
| 245 #4 - TITLE STATEMENT | |
| Title | The general rule |
| 260 ## - PUBLICATION, DISTRIBUTION, ETC. | |
| Date of publication, distribution, etc. | 2002 |
| 490 ## - SERIES STATEMENT | |
| Series statement | Building Services |
| Volume/sequential designation | September 2002, 23(1) |
| 520 ## - SUMMARY, ETC. | |
| Summary, etc. | The general principle is that damages for breach of contract are only awarded to compensate the claimant for financial loss as a result of the breach. The scope for contractual damages resulting from mental suffering has been unclear so far. Discusses a recent decision in the House of Lords in "Farley v Skinner" (2001) which highlights this area. The claimant Farley was a prospective buyer for a house near Gatwick Airport. Farley specifically asked the surveyor to check whether the property was badly affected by aircraft noise. The surveyor reported that the property was unlikely to suffer from such noise. The claimant bought the house, and then discovered the noise was intolerable. Farley was awarded £10 000 for his discomfort. The significance of the HL award is that sums awarded in this area will remain modest. |
| 590 ## - LOCAL NOTE (RLIN) | |
| Local note | ABS |
| 650 ## - SUBJECT ADDED ENTRY--TOPICAL TERM | |
| Topical term or geographic name entry element | CONTRACTUAL DISPUTES |
| 650 ## - SUBJECT ADDED ENTRY--TOPICAL TERM | |
| Topical term or geographic name entry element | FARLEY V SKINNER |
| 650 ## - SUBJECT ADDED ENTRY--TOPICAL TERM | |
| Topical term or geographic name entry element | WATTS V MORROW |
| 650 ## - SUBJECT ADDED ENTRY--TOPICAL TERM | |
| Topical term or geographic name entry element | INCONVENIENCE |
| 650 ## - SUBJECT ADDED ENTRY--TOPICAL TERM | |
| Topical term or geographic name entry element | DAMAGES |
| 650 ## - SUBJECT ADDED ENTRY--TOPICAL TERM | |
| Topical term or geographic name entry element | NEGLIGENCE |
| 650 ## - SUBJECT ADDED ENTRY--TOPICAL TERM | |
| Topical term or geographic name entry element | MENTAL DISTRESS |
| 650 ## - SUBJECT ADDED ENTRY--TOPICAL TERM | |
| Topical term or geographic name entry element | AIRCRAFT NOISE |
| 650 ## - SUBJECT ADDED ENTRY--TOPICAL TERM | |
| Topical term or geographic name entry element | BREACH OF CONTRACT |
| 690 ## - LOCAL SUBJECT ADDED ENTRY--TOPICAL TERM (OCLC, RLIN) | |
| Topical term or geographic name as entry element | LAW |
| 700 ## - ADDED ENTRY--PERSONAL NAME | |
| Personal name | Warley, K. |
| 942 ## - ADDED ENTRY ELEMENTS (KOHA) | |
| Suppress in OPAC | 0 |
| Withdrawn status | Lost status | Source of classification or shelving scheme | Damaged status | Not for loan | Home library | Current library | Shelving location | Date acquired | Total Checkouts | Full call number | Barcode | Date last seen | Copy number | Price effective from | Koha item type |
|---|---|---|---|---|---|---|---|---|---|---|---|---|---|---|---|
| Dewey Decimal Classification | London | London | Journal article | 17/10/2002 | ABS66084 | 120133-1001 | 06/08/2019 | 1 | 06/08/2019 | Journal article |